Best States for Black Business Owners - Statistics

General Stats
  • This quiz has been taken 345 times
  • The average score is 8 of 10
Answer Stats
Rank % Black-Owned Businesses % Black Population State % Correct
#7 10.4% 17.5% New York
93%
#5 4.0% 6.6% California
91%
#1 20.4% 31.4% Georgia
89%
#10 9.0% 16.7% Florida
88%
#8 7.1% 12.4% Texas
84%
#9 14.8% 26.6% Alabama
78%
#2 9.5% 14.7% Illinois
78%
#3 19.3% 30.1% Maryland
71%
#4 8.9% 14.3% Michigan
71%
#6 1.2% 2.0% Oregon
61%
No matching quizzes found
Score Distribution
Percent of People with Each Score
Percentile by Number Answered
Your Score History
You have not taken this quiz